[Event "Cappelle La Grande"]
[Site "Cappelle la Grande"]
[Date "2002.02.11"]
[Round "4"]
[White "Gregoire, S."]
[Black "Kotronias, V."]
[Result "0-1"]
[WhiteElo "2182"]
[BlackElo "2568"]
[PlyCount "80"]

1. d4 Nf6 2. c4 g6 3. Nc3 Bg7 4. g3 O-O 5. Bg2 d6 6. Nf3 Nbd7 7. O-O e5 8. e4
c6 9. h3 Qb6 10. c5 dxc5 11. dxe5 Ne8 12. e6 fxe6 13. Ng5 Ne5 14. f4 Nf7 15.
Nxf7 Bd4+ 16. Kh2 Rxf7 17. e5 Qc7 18. Ne4 b6 19. h4 Ba6 20. Re1 Rd8 21. Qa4 Bb5
22. Qb3 Re7 23. Bd2 Bd3 24. Be3 Bxe4 25. Bxe4 Ng7 26. Rad1 Nf5 27. Bxd4 cxd4
28. Rd2 c5 29. Qf3 Rf8 30. Kh1 Ref7 31. Rh2 Kh8 32. Rg1 c4 33. Qg2 d3 34. h5 g5
35. fxg5 Qxe5 36. g6 Ne3 37. gxf7 Nxg2 38. Bxg2 Rxf7 39. g4 Rf2 40. h6 d2 0-1

[Event "Cappelle La Grande"]
[Site "Cappelle la Grande"]
[Date "2002.02.11"]
[Round "4"]
[White "Kazhgaleyev, M."]
[Black "Pushkov, N."]
[Result "1-0"]
[WhiteElo "2561"]
[BlackElo "2516"]
[PlyCount "56"]

1. e4 e6 2. d4 d5 3. Nc3 dxe4 4. Nxe4 Nd7 5. Bd3 c5 6. dxc5 Nxc5 7. Nxc5 Bxc5
8. Qe2 Nf6 9. Bd2 O-O 10. O-O-O Qd5 11. Kb1 Qxg2 12. Nf3 Qxf2 13. Qe5 Be7 14.
Rdf1 Qc5 15. Qg3 Nh5 16. Qh3 g6 17. Rhg1 Ng7 18. Ng5 Bxg5 19. Rxg5 e5 20. Qh6
Be6 21. Bc3 Rfe8 22. Re1 f5 23. h4 Bf7 24. h5 Re6 25. a3 Rc8 26. Rh1 a5 27.
hxg6 Bxg6 28. Bxf5 Ra8 1-0

[Event "Cappelle La Grande"]
[Site "Cappelle la Grande"]
[Date "2002.02.11"]
[Round "4"]
[White "Kveinys, A."]
[Black "Cabrera, A."]
[Result "1/2-1/2"]
[WhiteElo "2555"]
[BlackElo "2415"]
[PlyCount "94"]

1. e4 c5 2. Nf3 d6 3. d4 cxd4 4. Nxd4 Nf6 5. Nc3 g6 6. h3 Bg7 7. Bc4 O-O 8. O-O
Nc6 9. Re1 Na5 10. Bf1 Bd7 11. Bg5 h6 12. Bh4 a6 13. Nd5 e6 14. Nxf6+ Bxf6 15.
Bxf6 Qxf6 16. Qd2 Nc6 17. Nxc6 Bxc6 18. Rab1 d5 19. exd5 Bxd5 20. c4 Bc6 21.
Qxh6 Rfd8 22. b3 Rd4 23. Rbd1 Rad8 24. Rxd4 Rxd4 25. Qe3 Qd8 26. a3 Rd2 27. Be2
Rc2 28. Bf3 Rd2 29. Bxc6 bxc6 30. b4 Qd6 31. Qe5 Qd3 32. Re4 Qd8 33. h4 Qd3 34.
h5 gxh5 35. Qg5+ Kf8 36. Rf4 Qc3 37. Qxh5 f5 38. Qh6+ Qg7 39. Rxf5+ exf5 40.
Qxd2 Qa1+ 41. Kh2 Qh8+ 42. Kg1 Qg7 43. Kh2 Qh8+ 44. Kg3 Qg7+ 45. Qg5 Qa1 46.
Kh2 Qg1+ 47. Kxg1 Ke8 1/2-1/2

[Event "Cappelle La Grande"]
[Site "Cappelle la Grande"]
[Date "2002.02.11"]
[Round "4"]
[White "Landuyt, E."]
[Black "Movsessian, S."]
[Result "0-1"]
[WhiteElo "2000"]
[BlackElo "2624"]
[PlyCount "74"]

1. e4 c5 2. Nc3 Nc6 3. g3 g6 4. Bg2 Bg7 5. d3 d6 6. Be3 e6 7. Qd2 Nge7 8. Bh6
Bxh6 9. Qxh6 Nd4 10. O-O-O Qa5 11. Kb1 Bd7 12. Qg7 O-O-O 13. Nge2 Nec6 14. Rhe1
f5 15. Nxd4 cxd4 16. Ne2 e5 17. f4 Qc7 18. exf5 gxf5 19. Bd5 Kb8 20. Ng1 Rhe8
21. a3 Rc8 22. Rc1 Re7 23. Qf6 Rce8 24. Nf3 a5 25. c3 dxc3 26. Rxc3 Ka7 27. Nd2
Qb6 28. Qxd6 exf4 29. Rxe7 Rxe7 30. Nc4 Re1+ 31. Ka2 Qg1 32. Bxc6 a4 33. Bxa4
Bxa4 34. Qb6+ Qxb6 35. Nxb6 Kxb6 36. Rc4 f3 37. Rxa4 f2 0-1

[Event "Cappelle La Grande"]
[Site "Cappelle la Grande"]
[Date "2002.02.11"]
[Round "4"]
[White "Grabarczyk, M."]
[Black "Baklan, V."]
[Result "1/2-1/2"]
[WhiteElo "2495"]
[BlackElo "2609"]
[PlyCount "34"]

1. d4 Nf6 2. c4 e6 3. Nf3 b6 4. g3 Ba6 5. b3 Bb7 6. Bg2 Bb4+ 7. Bd2 c5 8. O-O
O-O 9. a3 Bxd2 10. Qxd2 cxd4 11. Qxd4 Nc6 12. Qb2 d5 13. Rd1 Ne7 14. Nc3 Qb8
15. cxd5 Nexd5 16. Rac1 Ne7 17. Nb1 Bc8 1/2-1/2

[Event "Cappelle La Grande"]
[Site "Cappelle la Grande"]
[Date "2002.02.11"]
[Round "4"]
[White "Lobzhanidze, D."]
[Black "Gyimesi, Z."]
[Result "1/2-1/2"]
[WhiteElo "2491"]
[BlackElo "2606"]
[PlyCount "95"]

1. e4 e5 2. Bc4 Nf6 3. d3 Nc6 4. Nf3 Bc5 5. c3 a6 6. O-O d6 7. Bb3 Ba7 8. Nbd2
O-O 9. h3 h6 10. Re1 Nh5 11. Nf1 Qf6 12. Ne3 Nf4 13. Nd5 Nxd5 14. exd5 Ne7 15.
Be3 Bxe3 16. Rxe3 Nf5 17. Re4 Bd7 18. Qd2 c6 19. d4 exd4 20. Nxd4 c5 21. Nxf5
Bxf5 22. Re3 Rfe8 23. Rae1 Kf8 24. Bc2 Bxc2 25. Qxc2 Rxe3 26. Rxe3 Re8 27.
Rxe8+ Kxe8 28. Qe4+ Kd8 29. f4 b5 30. a3 Qe7 31. Qxe7+ Kxe7 32. Kf2 c4 33. Ke3
Kf6 34. g4 Kg6 35. a4 f5 36. axb5 axb5 37. Kf3 Kf6 38. Kg3 g5 39. Kf3 Kg6 40.
Kg3 fxg4 41. hxg4 gxf4+ 42. Kxf4 Kf6 43. Ke4 Kg5 44. Kf3 h5 45. gxh5 Kxh5 46.
Kf4 Kg6 47. Kg4 Kf6 48. Kf4 1/2-1/2

[Event "Cappelle La Grande"]
[Site "Cappelle la Grande"]
[Date "2002.02.11"]
[Round "4"]
[White "Neverov, V."]
[Black "Potapov, A."]
[Result "1-0"]
[WhiteElo "2578"]
[BlackElo "2477"]
[PlyCount "83"]

1. d4 f5 2. Nc3 d5 3. Bf4 Nf6 4. e3 c6 5. Bd3 e6 6. Nf3 Be7 7. h3 Ne4 8. O-O
Nd7 9. Ne2 O-O 10. c4 Qe8 11. Rc1 Qh5 12. Ne5 Nxe5 13. Bxe5 Bd7 14. Qb3 b6 15.
Rc2 Qe8 16. a3 Bf6 17. Bh2 c5 18. cxd5 Ba4 19. Qa2 Bxc2 20. Bxc2 e5 21. d6+ Kh8
22. Qd5 exd4 23. Qxf5 Ng5 24. h4 g6 25. Qd5 Ne6 26. Bb3 Ng7 27. d7 Qd8 28. exd4
Bxh4 29. dxc5 bxc5 30. Nc3 Qb6 31. Ne4 Rad8 32. Be5 Rf5 33. Nd6 Rdf8 34. Nxf5
gxf5 35. Bd6 Rd8 36. Bxc5 Qb5 37. Rd1 Bf6 38. Bc4 Qxb2 39. Bxa7 Nh5 40. Bc5 Nf4
41. Qf7 Qe5 42. Bf1 1-0

[Event "Open de Cappelle la Grande"]
[Site "?"]
[Date "2002.??.??"]
[Round "4.13"]
[White "Hebden, Mark"]
[Black "Rausis, Igors"]
[Result "1/2-1/2"]
[WhiteElo "2558"]
[BlackElo "2466"]
[PlyCount "50"]

1. d4 d5 2. c4 c6 3. Nf3 Nf6 4. e3 Bf5 5. cxd5 cxd5 6. Qb3 Qc7 7. Bd2 Nc6 8.
Bb5 e6 9. O-O Bd6 10. Bb4 Nd7 11. Bxc6 bxc6 12. Nbd2 O-O 13. Rac1 Rab8 14. Bxd6
Qxd6 15. Qc3 Rfc8 16. Nb3 f6 17. h3 Be4 18. Nfd2 Bg6 19. Rfe1 e5 20. e4 dxe4
21. Nxe4 Bxe4 22. Rxe4 Qd5 23. f3 f5 24. Re2 e4 25. Qe3 Re8 1/2-1/2

[Event "Open de Cappelle la Grande"]
[Site "?"]
[Date "2002.??.??"]
[Round "4.18"]
[White "Jaracz, Pawel"]
[Black "Stryjecki, Marek"]
[Result "1/2-1/2"]
[WhiteElo "2513"]
[BlackElo "2445"]
[PlyCount "29"]

1. e4 g6 2. d4 Bg7 3. Nf3 d6 4. Nc3 c6 5. Be3 Nf6 6. Qd2 Bg4 7. Nh4 e5 8. dxe5
dxe5 9. Bd3 Qe7 10. h3 Bc8 11. O-O-O Nbd7 12. g3 O-O 13. f4 exf4 14. gxf4 Nc5
15. e5 1/2-1/2

[Event "Open de Cappelle la Grande"]
[Site "?"]
[Date "2002.??.??"]
[Round "4.21"]
[White "Cosmas, Ioan"]
[Black "Gormally, Daniel"]
[Result "0-1"]
[WhiteElo "2461"]
[BlackElo "2506"]
[PlyCount "74"]

1. d4 Nf6 2. Nf3 g6 3. g3 Bg7 4. Bg2 O-O 5. O-O d5 6. c4 dxc4 7. Na3 c3 8. bxc3
c5 9. e3 Nc6 10. Qe2 Bf5 11. Bb2 e5 12. Nxe5 Nxe5 13. dxe5 Bd3 14. Qe1 Nd7 15.
f4 Bxf1 16. Qxf1 Nb6 17. Rd1 Qe7 18. Nc4 Qe6 19. Nxb6 Qxb6 20. Qe2 Rad8 21. Bd5
Qa5 22. Qc4 Rc8 23. e4 Qc7 24. Qe2 a6 25. a4 b5 26. axb5 axb5 27. Qxb5 Rb8 28.
Qe2 c4 29. Bc1 Rb3 30. Bd2 Rc8 31. Be1 Bf8 32. Kh1 Rcb8 33. Bf2 Rb2 34. Rd2 Qa5
35. Rxb2 Qa1+ 36. Kg2 Rxb2 37. Qxc4 Qa7 0-1

[Event "Open de Cappelle la Grande"]
[Site "?"]
[Date "2002.??.??"]
[Round "4.23"]
[White "Van Der Weide, Karel"]
[Black "Shneider, Aleksandr"]
[Result "1/2-1/2"]
[WhiteElo "2454"]
[BlackElo "2501"]
[PlyCount "62"]

1. e4 c5 2. Nf3 d6 3. d4 cxd4 4. Nxd4 Nf6 5. Nc3 a6 6. f4 e5 7. Nf3 Nbd7 8. a4
Be7 9. Bd3 O-O 10. O-O Nc5 11. Kh1 exf4 12. Bxf4 Bg4 13. Qd2 Rc8 14. Be3 Nxd3
15. cxd3 d5 16. e5 Bxf3 17. exf6 Bxf6 18. Rxf3 d4 19. Ne4 dxe3 20. Nxf6+ Qxf6
21. Rxe3 Rc5 22. Rae1 Qc6 23. Qb4 Rd5 24. Qc4 Qd6 25. Re8 Rxd3 26. Rxf8+ Kxf8
27. Qc8+ Qd8 28. Qxb7 Rd1 29. Qe4 Rd4 30. Qc2 Qh4 31. Qe2 Qd8 1/2-1/2

[Event "Open de Cappelle la Grande"]
[Site "?"]
[Date "2002.??.??"]
[Round "4.26"]
[White "Kononenko, Tatiana"]
[Black "Rozentalis, Eduardas"]
[Result "1/2-1/2"]
[WhiteElo "2371"]
[BlackElo "2598"]
[PlyCount "52"]

1. d4 Nf6 2. c4 e6 3. Nf3 b6 4. g3 Bb7 5. Bg2 Be7 6. O-O O-O 7. Nc3 Ne4 8. Qc2
Nxc3 9. Qxc3 Be4 10. b3 d5 11. Bb2 Nd7 12. Rac1 c5 13. cxd5 exd5 14. dxc5 Bf6
15. Qd2 bxc5 16. Bxf6 Qxf6 17. Ne1 Bxg2 18. Nxg2 d4 19. Nf4 Rac8 20. Nd3 Rfe8
21. Rc2 Qg6 22. Rfc1 Rc6 23. Qf4 Qh5 24. Qf3 Qxf3 25. exf3 a5 26. a3 Rb6
1/2-1/2

[Event "Open de Cappelle la Grande"]
[Site "?"]
[Date "2002.??.??"]
[Round "4.32"]
[White "Kaabi, Mejbi"]
[Black "Iordachescu, Viorel"]
[Result "1/2-1/2"]
[WhiteElo "2352"]
[BlackElo "2558"]
[PlyCount "73"]

1. d4 Nf6 2. Nf3 e6 3. c4 b6 4. g3 c5 5. d5 Ba6 6. Qb3 g6 7. Nc3 exd5 8. cxd5
Bg7 9. e4 Bxf1 10. Kxf1 O-O 11. e5 Ng4 12. Bf4 Re8 13. Re1 f6 14. d6+ Kh8 15.
Qd5 Na6 16. Ne4 Rf8 17. h3 Nxe5 18. Nxe5 fxe5 19. Bg5 Qe8 20. Be7 Rf5 21. g4
Rf4 22. g5 Qg8 23. Nf6 Qxd5 24. Nxd5 Rf5 25. Re4 b5 26. a4 Rb8 27. Kg2 Kg8 28.
Rd1 b4 29. b3 Rb7 30. Rc1 Kf7 31. Rcc4 Ke6 32. Ne3 Rf7 33. Rh4 Nb8 34. Rxc5 Nc6
35. Rxh7 Nxe7 36. dxe7 Rxe7 37. Kf3 1/2-1/2

[Event "Open de Cappelle la Grande"]
[Site "?"]
[Date "2002.??.??"]
[Round "4.49"]
[White "Maeurer, Christoph"]
[Black "Sofronie, Iulian"]
[Result "1/2-1/2"]
[WhiteElo "2314"]
[BlackElo "2458"]
[PlyCount "76"]

1. b4 d5 2. Bb2 Qd6 3. a3 e5 4. Nf3 f6 5. e3 Bg4 6. Be2 Be7 7. c4 dxc4 8. Qc2
Nd7 9. Bxc4 Nh6 10. Nc3 c6 11. d4 Bxf3 12. gxf3 exd4 13. Ne4 Qc7 14. Bxd4 Ne5
15. Be2 Nf5 16. Nxf6+ Bxf6 17. Qxf5 O-O 18. Qh3 Nxf3+ 19. Bxf3 Bxd4 20. O-O-O
Bf6 21. Be4 h6 22. Rhg1 Rad8 23. Qe6+ Qf7 24. Qxf7+ Kxf7 25. Kc2 Ke7 26. Rxd8
Rxd8 27. Rd1 Rxd1 28. Kxd1 Kd6 29. Kc2 b5 30. Bd3 g5 31. h3 Ke5 32. Kb3 Bd8 33.
a4 bxa4+ 34. Kxa4 Bb6 35. Bg6 Kd5 36. Kb3 c5 37. bxc5 Bxc5 38. f4 Bxe3 1/2-1/2

[Event "Open de Cappelle la Grande"]
[Site "?"]
[Date "2002.??.??"]
[Round "4.41"]
[White "Velikhanli, Firuza"]
[Black "Matlak, Marek"]
[Result "1/2-1/2"]
[WhiteElo "2325"]
[BlackElo "2488"]
[PlyCount "46"]

1. e4 e6 2. d4 d5 3. Nc3 Bb4 4. e5 c5 5. Bd2 Ne7 6. Nb5 Bxd2+ 7. Qxd2 O-O 8. c3
Bd7 9. Nf3 Qb6 10. dxc5 Qxc5 11. Nbd4 Nbc6 12. Bd3 f5 13. O-O Nxd4 14. cxd4 Qb6
15. Rac1 Rac8 16. h3 h6 17. Rxc8 Rxc8 18. Rc1 Rxc1+ 19. Qxc1 Nc6 20. Qc3 Qb4
21. Kf1 Be8 22. a3 Qxc3 23. bxc3 Na5 1/2-1/2

[Event "Open de Cappelle la Grande"]
[Site "?"]
[Date "2002.??.??"]
[Round "4.39"]
[White "Bosboom-Lanchav, Tea"]
[Black "Gallagher, Joseph"]
[Result "0-1"]
[WhiteElo "2326"]
[BlackElo "2503"]
[PlyCount "74"]

1. d4 Nf6 2. c4 g6 3. Nc3 Bg7 4. e4 d6 5. f4 O-O 6. Nf3 c5 7. d5 e6 8. Be2 exd5
9. cxd5 Bg4 10. O-O Nbd7 11. Re1 Re8 12. h3 Bxf3 13. Bxf3 Qa5 14. a4 c4 15. Re2
Nc5 16. e5 dxe5 17. fxe5 Nfd7 18. e6 Ne5 19. exf7+ Kxf7 20. Be4 Ned3 21. d6
Nxe4 22. Nxe4 Qf5 23. g4 Bd4+ 24. Kh2 Qe5+ 25. Ng3 Qxd6 26. Bh6 Kg8 27. Qc2
Rxe2+ 28. Qxe2 Bxb2 29. Rf1 Bg7 30. Bxg7 Kxg7 31. Qe4 Rc8 32. Qxb7+ Rc7 33. Qb8
Rd7 34. Qc8 Nc5 35. Rf2 Ne4 36. Rf4 Qd2+ 37. Kg1 Qe3+ 0-1

[Event "Open de Cappelle la Grande"]
[Site "?"]
[Date "2002.??.??"]
[Round "4.45"]
[White "Fontaine, Robert"]
[Black "Koskela, Niina"]
[Result "1-0"]
[WhiteElo "2469"]
[BlackElo "2276"]
[PlyCount "129"]

1. e4 e5 2. Nf3 Nc6 3. Bb5 a6 4. Ba4 Nf6 5. Bxc6 dxc6 6. d3 Bd6 7. O-O O-O 8.
b3 Qe7 9. Bb2 c5 10. Re1 b5 11. Nbd2 Bb7 12. Nf1 Rfe8 13. Ne3 g6 14. Qd2 Qd7
15. Nf5 Nh5 16. Nh6+ Kf8 17. h3 f6 18. Ng4 Kg7 19. Rad1 Bf8 20. Qc3 Qe7 21. Bc1
Bc8 22. Be3 Be6 23. Nfh2 Rad8 24. a3 g5 25. g3 Kh8 26. Rf1 b4 27. axb4 cxb4 28.
Qb2 c5 29. Ra1 Bc8 30. Kg2 Qc7 31. f3 Rd6 32. Bg1 a5 33. Ne3 Ra6 34. Nhg4 Bd7
35. Nd5 Qd6 36. Nge3 Be6 37. Bf2 Qd7 38. Rh1 Rea8 39. h4 g4 40. fxg4 Bxg4 41.
Nxg4 Qxg4 42. Qc1 R8a7 43. Qd1 Qg6 44. g4 Ng7 45. h5 Qf7 46. Qf3 Ne6 47. Bh4
Bg7 48. Raf1 Nd4 49. Qh3 h6 50. Rf2 Rd7 51. Rhf1 Rdd6 52. Ne3 Qd7 53. Nc4 Rdc6
54. Kh2 Kg8 55. Ne3 Kh8 56. Nd5 Qf7 57. g5 hxg5 58. Bxg5 Qe6 59. h6 Qxh3+ 60.
Kxh3 Bf8 61. Bxf6+ Kh7 62. Bg5 Bxh6 63. Rf7+ Kg6 64. Ne7+ Kxg5 65. R1f5+ 1-0

[Event "Open de Cappelle la Grande"]
[Site "?"]
[Date "2002.??.??"]
[Round "4.33"]
[White "Kotan, Lasidu"]
[Black "Gdanski, Jacer"]
[Result "1/2-1/2"]
[WhiteElo "2350"]
[BlackElo "2530"]
[PlyCount "54"]

1. e4 e6 2. d4 d5 3. Nd2 Nf6 4. e5 Nfd7 5. c3 c5 6. Bd3 Nc6 7. Ne2 cxd4 8. cxd4
f6 9. exf6 Nxf6 10. Nf3 Bd6 11. O-O Qc7 12. Bg5 O-O 13. Bh4 Nh5 14. Bg3 Nxg3
15. hxg3 g6 16. Rc1 Qg7 17. Bb5 Bd7 18. Qd2 Rf5 19. Bd3 Rf7 20. Bb5 Re7 21. Nf4
Rf8 22. Qe3 g5 23. Nd3 g4 24. Bxc6 Bxc6 25. Nfe5 Bb5 26. Rfe1 Bxd3 27. Qxd3 Qg5
1/2-1/2

[Event "Open de Cappelle la Grande"]
[Site "?"]
[Date "2002.??.??"]
[Round "4.15"]
[White "Dgebuadze, Alexandre"]
[Black "Berkvens, Joost"]
[Result "1-0"]
[WhiteElo "2544"]
[BlackElo "2456"]
[PlyCount "45"]

1. e4 c5 2. Nf3 d6 3. d4 cxd4 4. Nxd4 Nf6 5. Nc3 e6 6. Be3 Nc6 7. Bc4 Be7 8.
Qe2 a6 9. O-O-O Qc7 10. f3 O-O 11. g4 b5 12. Nxc6 Qxc6 13. Bb3 Rb8 14. g5 Nd7
15. g6 Nc5 16. gxh7+ Kh8 17. Rhg1 Bf6 18. Qd2 Rb6 19. Bh6 Nxb3+ 20. axb3 Qc5
21. Nd5 exd5 22. Bxg7+ Bxg7 23. Qg5 1-0

[Event "Open de Cappelle la Grande"]
[Site "?"]
[Date "2002.??.??"]
[Round "4.17"]
[White "Sprenger, Jan Michael"]
[Black "Nogueiras, Jesus"]
[Result "1/2-1/2"]
[WhiteElo "2464"]
[BlackElo "2521"]
[PlyCount "32"]

1. e4 e6 2. d4 d5 3. Nd2 dxe4 4. Nxe4 Nd7 5. Nf3 Ngf6 6. Nxf6+ Nxf6 7. Bd3 c5
8. dxc5 Bxc5 9. Qe2 O-O 10. Bg5 h6 11. Be3 Bxe3 12. Qxe3 Qa5+ 13. c3 e5 14. O-O
Re8 15. Bc4 Qc7 16. Bb5 Re7 1/2-1/2

[Event "Open de Cappelle la Grande"]
[Site "?"]
[Date "2002.??.??"]
[Round "4.20"]
[White "Dumitrache, Dragos"]
[Black "Kernazhitsky, Leonid"]
[Result "1/2-1/2"]
[WhiteElo "2506"]
[BlackElo "2413"]
[PlyCount "91"]

1. d4 d6 2. Nf3 Bg4 3. e4 Nf6 4. Nc3 e6 5. Be2 Be7 6. O-O c6 7. d5 exd5 8. exd5
O-O 9. dxc6 Nxc6 10. Be3 Qa5 11. Nd4 Bxe2 12. Qxe2 Rfe8 13. Qb5 Qc7 14. Rad1 a6
15. Qc4 Qc8 16. h3 h6 17. Rfe1 Ne5 18. Qxc8 Raxc8 19. Nf5 Bf8 20. Bd4 g6 21.
Ne3 Bg7 22. Kf1 Nc4 23. Nxc4 Rxe1+ 24. Kxe1 Rxc4 25. Ke2 Rc6 26. Kd3 Nd7 27.
Nd5 Nc5+ 28. Ke3 Bxd4+ 29. Rxd4 Kf8 30. a4 a5 31. b3 Ne6 32. Rd2 Nc7 33. Nf4
Ke7 34. Ke2 g5 35. Nd3 Ne6 36. Kd1 f5 37. g3 Kf6 38. Nb2 Nc5 39. f4 b6 40. Re2
Ne6 41. Rd2 Nc5 42. Re2 d5 43. Rd2 Ke6 44. Re2+ Kf6 45. Rd2 Ke6 46. Re2+
1/2-1/2

[Event "Open de Cappelle la Grande"]
[Site "?"]
[Date "2002.??.??"]
[Round "4.22"]
[White "Jakubowski, Krysztof"]
[Black "Shaw, John"]
[Result "1/2-1/2"]
[WhiteElo "2458"]
[BlackElo "2506"]
[PlyCount "108"]

1. e4 c5 2. Nf3 Nc6 3. d4 cxd4 4. Nxd4 e5 5. Nb5 d6 6. N1c3 a6 7. Na3 Be7 8.
Nc4 b5 9. Ne3 Nf6 10. Bd3 O-O 11. O-O Rb8 12. Ne2 Nb4 13. Ng3 Nxd3 14. Qxd3 g6
15. Rd1 Bb7 16. a4 Qd7 17. axb5 axb5 18. f3 Ra8 19. Bd2 Rxa1 20. Rxa1 d5 21.
exd5 Nxd5 22. Ne4 Rd8 23. Nxd5 Qxd5 24. Qxd5 Bxd5 25. Be3 f5 26. Nc3 Bc6 27.
Ra7 Rd7 28. Rxd7 Bxd7 29. Nd5 Bd8 30. Bb6 Bxb6+ 31. Nxb6 Be6 32. b3 Kf7 33. c4
bxc4 34. bxc4 Ke7 35. c5 Kd8 36. g3 Kc7 37. f4 exf4 38. gxf4 Kc6 39. Na4 Bb3
40. Nc3 Kxc5 41. Kf2 Kd4 42. Ne2+ Ke4 43. Kg3 Ke3 44. Ng1 g5 45. Nh3 g4 46. Nf2
h5 47. h3 Be6 48. hxg4 fxg4 49. Nd1+ Kd2 50. Nf2 Bf5 51. Kh4 Ke3 52. Nh1 Kxf4
53. Ng3 Bg6 54. Nf1 Be8 1/2-1/2

[Event "Open de Cappelle La Grande"]
[Site "?"]
[Date "2002.??.??"]
[Round "4.27"]
[White "Tissir, Mohamed"]
[Black "Van Den Doel, Erik"]
[Result "1/2-1/2"]
[WhiteElo "2368"]
[BlackElo "2585"]
[PlyCount "57"]

1. e4 e5 2. Nf3 Nc6 3. Bc4 Nf6 4. d3 Bc5 5. c3 d6 6. Nbd2 a6 7. Bb3 O-O 8. Nf1
Ng4 9. d4 Ba7 10. Ng3 Nf6 11. O-O exd4 12. Nxd4 d5 13. Nxc6 bxc6 14. exd5 Nxd5
15. Qh5 Be6 16. Bc2 g6 17. Qh6 f5 18. Bg5 Qd7 19. Rad1 Qf7 20. Rfe1 Rae8 21.
Qh4 Bc8 22. Bh6 Rxe1+ 23. Rxe1 Re8 24. Rxe8+ Qxe8 25. Nf1 Bc5 26. Qc4 Bb6 27.
Ba4 Bd7 28. Qxa6 f4 29. Qd3 1/2-1/2

[Event "Open de Cappelle La Grande"]
[Site "?"]
[Date "2002.??.??"]
[Round "4.31"]
[White "Brustman, Agnieszka"]
[Black "Timoshenko, Georgy"]
[Result "1/2-1/2"]
[WhiteElo "2354"]
[BlackElo "2560"]
[PlyCount "100"]

1. e4 c5 2. Nf3 d6 3. d4 cxd4 4. Nxd4 Nf6 5. Nc3 a6 6. Bg5 e6 7. f4 Qb6 8. Qd2
Qxb2 9. Rb1 Qa3 10. f5 Nc6 11. fxe6 fxe6 12. Nxc6 bxc6 13. Be2 Be7 14. O-O O-O
15. Rb3 Qa5 16. Nd5 Qd8 17. Nxe7+ Qxe7 18. Rd3 e5 19. Rxd6 Be6 20. Rxc6 a5 21.
a4 Rac8 22. Rxc8 Rxc8 23. Qxa5 Rxc2 24. Bd3 Rc5 25. Qb6 Kf7 26. a5 Rc3 27. Be2
Qc5+ 28. Qxc5 Rxc5 29. Ra1 Bd7 30. a6 Bc6 31. Bh5+ Ke7 32. a7 Ba8 33. Bd1 Rc3
34. Kf2 Kd6 35. Ra6+ Rc6 36. Rxc6+ Kxc6 37. Bf3 Kb6 38. Be3+ Kc7 39. Ke2 Bc6
40. Kd3 Kb7 41. Bc5 Bb5+ 42. Kc3 Bc6 43. Kd3 Bb5+ 44. Kc3 Bc6 45. Be3 Bxe4 46.
Bxe4+ Nxe4+ 47. Kc4 Nf6 48. Bg1 Ka8 49. Bc5 Kb7 50. Bd6 Nd7 1/2-1/2

[Event "Open de Cappelle La Grande"]
[Site "?"]
[Date "2002.??.??"]
[Round "4.35"]
[White "Lalic, Bogdan"]
[Black "Colin, Vincent"]
[Result "1-0"]
[WhiteElo "2523"]
[BlackElo "2336"]
[PlyCount "53"]

1. d4 d5 2. c4 e6 3. Nc3 Nf6 4. cxd5 exd5 5. Bg5 Be7 6. e3 O-O 7. Bd3 Nbd7 8.
Nf3 Re8 9. Qc2 c6 10. h3 Nf8 11. Bf4 Ng6 12. Bh2 Bd6 13. Bxd6 Qxd6 14. O-O-O b5
15. Kb1 a5 16. Rc1 Bd7 17. g4 Qe7 18. Nd2 a4 19. g5 Ne4 20. Ndxe4 dxe4 21. Nxe4
b4 22. Qc5 Qe6 23. Qxb4 Reb8 24. Qc3 a3 25. b3 Ne7 26. Nc5 Qd6 27. Qc2 1-0

[Event "Open de Cappelle La Grande"]
[Site "?"]
[Date "2002.??.??"]
[Round "4.36"]
[White "Matthaei, Alexander"]
[Black "Zhang, Pengxiang"]
[Result "0-1"]
[WhiteElo "2347"]
[BlackElo "2522"]
[PlyCount "88"]

1. e4 e6 2. d3 d5 3. Nd2 Nf6 4. Ngf3 b6 5. g3 dxe4 6. dxe4 Bc5 7. Bg2 Ba6 8. c4
Qd3 9. Qe2 Qxe2+ 10. Kxe2 Nc6 11. a3 b5 12. b4 bxc4 13. bxc5 c3+ 14. Ke1 cxd2+
15. Bxd2 O-O-O 16. Bg5 h6 17. Bxf6 gxf6 18. Bf1 Bd3 19. Bxd3 Rxd3 20. Ke2 Rhd8
21. Rhd1 Rc3 22. Rxd8+ Kxd8 23. Rd1+ Kc8 24. Nd4 Nxd4+ 25. Rxd4 Rxc5 26. Ra4 a5
27. Ke3 Kb7 28. Kd3 Rb5 29. Kc2 Kb6 30. Rd4 f5 31. f3 fxe4 32. fxe4 Rc5+ 33.
Kb3 Kc6 34. Rd8 Rh5 35. h4 Re5 36. Rd4 h5 37. Rc4+ Kb6 38. Rd4 c5 39. Rc4 Kb5
40. a4+ Kc6 41. Kc2 f5 42. exf5 Kd5 43. Rc3 Rxf5 44. Kb3 c4+ 0-1

[Event "Open de Cappelle La Grande"]
[Site "?"]
[Date "2002.??.??"]
[Round "4.44"]
[White "Gurevich, Vladimir"]
[Black "Koch, Wolfgang Max"]
[Result "1/2-1/2"]
[WhiteElo "2476"]
[BlackElo "2300"]
[PlyCount "35"]

1. e4 d6 2. d4 Nf6 3. Nc3 g6 4. f4 Bg7 5. Nf3 O-O 6. Bd3 Nc6 7. O-O e5 8. dxe5
dxe5 9. f5 gxf5 10. exf5 e4 11. Nxe4 Bxf5 12. Nxf6+ Qxf6 13. Ne5 Qxe5 14. Rxf5
Qd4+ 15. Kh1 Ne5 16. Rf4 Nxd3 17. cxd3 Qd5 18. Rg4 1/2-1/2

[Event "Open de Cappelle La Grande"]
[Site "?"]
[Date "2002.??.??"]
[Round "4.43"]
[White "Pinter, Erik"]
[Black "Legky, Nikolay"]
[Result "0-1"]
[WhiteElo "2323"]
[BlackElo "2485"]
[PlyCount "70"]

1. e4 e6 2. Nc3 d5 3. d4 a6 4. Nf3 Nf6 5. Bg5 Be7 6. e5 Nfd7 7. h4 c5 8. Ne2
cxd4 9. Nexd4 Nc6 10. Nxc6 bxc6 11. Qd2 Rb8 12. c3 Nc5 13. Bxe7 Qxe7 14. h5 Ne4
15. Qc2 c5 16. Bd3 Bb7 17. h6 g6 18. Qa4+ Kf8 19. Rd1 Ng5 20. Nh2 c4 21. Bc2 f5
22. exf6 Qxf6 23. Ng4 Qe7 24. Ne5 Rd8 25. Bxg6 Qc7 26. f4 hxg6 27. O-O Kg8 28.
fxg5 Qxe5 29. Qb4 Qe3+ 30. Rf2 Rh7 31. Rdf1 Rf7 32. Kh1 Rxf2 33. Rxf2 Qxf2 34.
Qe7 Qe1+ 35. Kh2 Qe5+ 0-1

[Event "Open de Cappelle La Grande"]
[Site "?"]
[Date "2002.??.??"]
[Round "5.20"]
[White "Pushkov, Nikolai"]
[Black "Vessozi, Paolo"]
[Result "0-1"]
[WhiteElo "2516"]
[BlackElo "2392"]
[PlyCount "90"]

1. d4 Nf6 2. Nf3 b6 3. c4 e6 4. g3 Ba6 5. b3 d5 6. cxd5 exd5 7. Bg2 Bb4+ 8. Bd2
Bxd2+ 9. Qxd2 O-O 10. O-O Nbd7 11. Nc3 Qe7 12. Qb2 c6 13. Rfe1 Ne4 14. Rac1 f5
15. e3 Rf6 16. Ne2 Re8 17. Nc3 h6 18. Nd2 g5 19. f3 Nxc3 20. Qxc3 Re6 21. e4 c5
22. Bh3 g4 23. fxg4 fxe4 24. g5 Qxg5 25. Bxe6+ Rxe6 26. b4 cxd4 27. Qxd4 Ne5
28. Rc3 Nc6 29. Qf2 Rf6 30. Qg2 Nxb4 31. Nxe4 dxe4 32. Qxe4 Nd5 33. Qe8+ Rf8
34. Qe6+ Kh8 35. Rc2 Nf4 36. Qe4 Nh3+ 37. Kg2 Nf4+ 38. Kh1 Nd3 39. Rd1 Nc5 40.
Qd4+ Kg8 41. Kg1 Qf5 42. Rcd2 Ne4 43. Rb2 Ng5 44. Qd5+ Qxd5 45. Rxd5 Nh3+ 0-1

[Event "Open de Cappelle La Grande"]
[Site "?"]
[Date "2002.??.??"]
[Round "5.23"]
[White "Pilgaard, Kim"]
[Black "Nikitin, Andrey"]
[Result "1-0"]
[WhiteElo "2400"]
[BlackElo "2506"]
[PlyCount "55"]

1. e4 e6 2. d4 d5 3. Nd2 Nf6 4. e5 Nfd7 5. c3 c5 6. Bd3 b6 7. Nh3 Ba6 8. Bxa6
Nxa6 9. Qg4 h5 10. Qe2 Nc7 11. Nf3 c4 12. O-O b5 13. Nfg5 Nb6 14. Qf3 Qd7 15.
Re1 a5 16. Re3 b4 17. Qf4 Nb5 18. Rf3 Ra7 19. Qg3 h4 20. Qg4 Qc6 21. Nxf7 Rxf7
22. Qg6 Qd7 23. Ng5 Rh6 24. Qxf7+ Qxf7 25. Nxf7 Rg6 26. h3 bxc3 27. bxc3 Ba3
28. Rb1 1-0